| 000 | 00904nam a22002297a 4500 | ||
|---|---|---|---|
| 005 | 20140814020002.0 | ||
| 008 | 130816b2012 ck ||||| |||| 00| 0 spa d | ||
| 041 | _aspa | ||
| 044 | _ack | ||
| 082 |
_a333.34 _bB58a |
||
| 245 | 0 | 0 |
_aAnálisis de la gestión del riesgo de desastres en Colombia _bUn aporte para la construcción de políticas públicas _ccoordinadores y editores Ana Campos G. ... [et al.]. |
| 260 |
_aBogotá _bGFDRR _bBanco Mundial _c2012 |
||
| 300 |
_axxiii, 411 p. _bil., _c28 cm. + _e1 folleto 48 p |
||
| 500 | _aIncluye listado de siglas | ||
| 650 | 4 |
_aPrevención de desastres _xAdministración _zColombia _91691 |
|
| 650 | 4 |
_aDesastres naturales _xPrevención _zColombia _91692 |
|
| 650 | 4 |
_aGestión del riesgo _zColombia _91693 |
|
| 700 | 1 |
_aCampos G., Ana. _eed _91694 |
|
| 700 | 1 |
_aHolm-Nielsen, Niels _eed _91695 |
|
| 700 | 1 |
_aDíaz G., Carolina. _eed _91696 |
|
| 942 |
_2ddc _cImpreso _02 |
||
| 999 |
_c7588 _d7588 |
||